000
00283nam a2200097Ia 4500
008
200302s9999 xx 000 0 und d
100
_a
Theresa Genovese
245
_a
The Harvard Architecture Review 10 Civitas/ What is City ?
260
_b
Princeton Architectural Press
300
_a
189 P.
999
_c
4191
_d
4191